00425nam a2200109Ia 4500008004100000100001900041245010900060260004600169300001800215650001300233856006900246160712s9999 xx 000 0 und d aCao, Sergio S. cSergio S. CaoaAng Unibersidad ng Pilipinas: Una sa Paglikha ng Karunungan, Una sa Paglilingkod sa Bayan c2013bDaluyan: Journal ng Wikang Filipino avol. 19 no. 1 xFILIPINO uhttp://journals.upd.edu.ph/index.php/djwf/issue/view/385/showToc